| 000 | 01570nam0a22003131 4500 | ||
|---|---|---|---|
| 001 | rc\3807238 | ||
| 005 | 20260407075629.0 | ||
| 021 |
_aRU _b[76-45930] |
||
| 035 | _a(NLR Aleph) 007263715 | ||
| 090 |
_a5334934 _c5334934 |
||
| 100 | _a20120329d1975 u y0rusy50 ca | ||
| 101 | 0 | _arus | |
| 102 | _aRU | ||
| 105 | _aa z ||||| | ||
| 200 | 1 |
_aЭлектрификация и автоматизация водного транспорта _eСборник трудов молодых науч. работников _eТруды Ленингр. ин-та водного транспорта _f[Отв. ред. д-р техн. наук, проф. В.В. Тихонов] |
|
| 210 |
_aЛенинград _cЛИВТ _d1975 |
||
| 215 |
_a134 с. _cил. _d20 |
||
| 300 | _aЗагл. обл.: Сборник трудов молодых научных работников | ||
| 320 | _aСписки лит. в конце работ | ||
| 512 | 0 | _aСборник трудов молодых научных работников | |
| 606 |
_aВодный транспорт _jСборники _2psbo |
||
| 702 | 1 |
_4340 _7ca _8rus _aТихонов _bВ. В. _cд-р техн. наук, судовое электрооборудование _f1912-1994 _gВладимир Васильевич _92687463 _3RU\NLR\AUTH\770287051 |
|
| 712 | 0 | 2 |
_aЛенинградский институт водного транспорта _9280368 _3RU\NLR\AUTH\884441 |
| 801 | 0 |
_aRU _bNLR _gpsbo |
|
| 801 | 1 |
_aRU _bELAR _2rusmarc |
|
| 852 |
_aNLR _j76-3/7839 |
||
| 942 | _cBOOK | ||
| 980 | _aNB | ||